Drought-tolerant crops for Southern Africa : proceedings of the SADC/ICRISAT Regional Sorghum and Pearl Millet Workshop, 25-29 Jul. 1994, Gaborone, Botswana / (Record no. 40508)

MARC details
000 -LEADER
fixed length control field 00992nam a2200217 a 4500
008 - FIXED-LENGTH DATA ELEMENTS--GENERAL INFORMATION
fixed length control field 120416s1996 ||||||||||||||||| || u
020 ## - INTERNATIONAL STANDARD BOOK NUMBER
International Standard Book Number 9290663103
050 ## - LIBRARY OF CONGRESS CALL NUMBER
Classification number ICRISAT(02)
100 ## - MAIN ENTRY--PERSONAL NAME
Personal name Manthe, C. S
245 10 - TITLE STATEMENT
Title Drought-tolerant crops for Southern Africa : proceedings of the SADC/ICRISAT Regional Sorghum and Pearl Millet Workshop, 25-29 Jul. 1994, Gaborone, Botswana /
Statement of responsibility, etc. edited by K. Leuschner
260 ## - PUBLICATION, DISTRIBUTION, ETC.
Place of publication, distribution, etc. Andhra Pradesh
Name of publisher, distributor, etc. ICRISAT
Date of publication, distribution, etc. 1996.
300 ## - PHYSICAL DESCRIPTION
Extent xiii, 358p. : ill.
350 ## - PRICE (NR) (BK AM CF MU VM SE) [OBSOLETE]
Price 0.00
650 ## - SUBJECT ADDED ENTRY--TOPICAL TERM
Topical term or geographic name entry element SORGHUM--AFRICA, SOUTHERN--CONGRESSES
650 ## - SUBJECT ADDED ENTRY--TOPICAL TERM
Topical term or geographic name entry element PEARL MILLET--AFRICA, SOUTHERN--CONGRESSES
650 ## - SUBJECT ADDED ENTRY--TOPICAL TERM
Topical term or geographic name entry element YAMS
700 ## - ADDED ENTRY--PERSONAL NAME
Personal name Leuschner, K
710 ## - ADDED ENTRY--CORPORATE NAME
Corporate name or jurisdiction name as entry element SADC/ICRISAT Regional Sorghum and Pearl Millet Workshop (1994 : Gaborone, Botswana)
710 ## - ADDED ENTRY--CORPORATE NAME
Corporate name or jurisdiction name as entry element International Crops Research Institute for the Semi-arid Tropics
995 ## - RECOMMENDATION 995 [LOCAL, UNIMARC FRANCE]
-- 0.00
-- CBU-MAIN LIBRARY (Kitwe)
-- 1
-- 0.00
-- 1
-- AVAILABLE
-- International Publications
Holdings
Withdrawn status Lost status Source of classification or shelving scheme Damaged status Not for loan Home library Current library Shelving location Date acquired Total Checkouts Full call number Barcode Date last seen Price effective from Koha item type
          CBU-MAIN LIBRARY, KITWE. CBU-MAIN LIBRARY, KITWE.   11/30/2022   ICRISAT(02) 025511 11/30/2022 11/30/2022 MONOGRAPH